[Event "Zuerich Seniors op 3rd"]
[Site "Zuerich"]
[Date "2005.01.26"]
[Round "3"]
[White "Brunner, Peter"]
[Black "Benz, Urs"]
[Result "1/2-1/2"]
[WhiteElo "1589"]
[BlackElo "1752"]
[PlyCount "59"]
[EventDate "2005.01.24"]
[EventType "swiss"]
[EventRounds "9"]
[EventCountry "SUI"]
[SourceTitle "EXT 2007"]
[Source "ChessBase"]
[SourceDate "2006.11.23"]
[SourceVersion "1"]
[SourceVersionDate "2006.11.23"]
[SourceQuality "1"]

1. f4 d5 2. Nf3 c5 3. d4 e6 4. e3 Bd7 5. c4 dxc4 6. Bxc4 cxd4 7. Qxd4 Nc6 8. Qd1 Rc8 9. 0-0 Nf6 10. Nc3 Bb4 11. Bd2 0-0 12. a3 Bxc3 13. Bxc3 Ne4 14. Be1 Qe7 15. Bb5 Qc5 16. Qe2 Rfd8 17. Bh4 f6 18. Rfd1 Be8 19. Bd3 Nd6 20. Rac1 Qh5 21. Qf2 Nf5 22. Be2 Nxh4 23. Nxh4 Qf7 24. Rxd8 Rxd8 25. Rd1 Rxd1+ 26. Bxd1 Qe7 27. Bb3 Bf7 28. Qc2 f5 29. Nf3 h6 30. h3 1/2-1/2